Statistiques concernant Quiz sur l'Algérie

Cliquez ici pour prendre le quiz!

Statistiques générales

  • Ce quiz a été pris 1,169 fois
  • Le résultat moyen est 17 sur 22

Statistiques - réponses

Question Réponse % Correct
Capitale et ville la plus peupléeAlger
99%
Pays frontaliersMaroc
99%
Langues officiellesArabe
99%
Pays frontaliersTunisie
98%
Désert couvrant la majeure partie du paysSahara
97%
Pays frontaliersLibye
92%
Pays frontaliersMali
92%
Pays frontaliersMauritanie
91%
Année lors de laquelle l'Algérie a
obtenu l'indépendance de la France
1962
87%
Nom donné aux français originaires
d'Algérie, pendant la période coloniale
Pieds-noirs
86%
Pays frontaliersNiger
84%
Écrivain et philosophe né en Algérie,
ayant notamment signé L'Étranger,
La Peste ou encore Caligula
Albert Camus
78%
Principal produit d'exportationPétrole
77%
Langues officiellesBerbère
73%
Chaîne de montagnes au nord du paysAtlas
69%
Deuxième ville la plus peupléeOran
68%
Devise monétaireDinar
65%
Président controversé (1999 - 2019)
élu à 4 reprises avant sa démission
Abdelaziz
Bouteflika
63%
Animal nationalFennec
57%
Parti politique nationaliste qui a
obtenu l'indépendance de l'Algérie
à l'issue d'une longue lutte armée
Front de
Libération
National
53%
Nom donné aux algériens qui étaient
engagés auprès de l'Algérie française ;
50 000 d'entre eux furent massacrés
Harkis
50%
Code à deux lettres pour l'AlgérieDZ
43%

Distribution des résultats

Percentile par nombre de réponses

% des personnes avec chaque résultat

Votre développement - résultats

Vous n’avez pas pris ce quiz